[Event "3rd UT-RGV IM Inv. 2017"]
[Site "masterchessopen.com Brownsville USA"]
[Date "2017.03.17"]
[Round "7.4"]
[White "Vazquez,Guillermo"]
[Black "Haessel,D"]
[Result "1-0"]
[WhiteElo "2436"]
[BlackElo "2142"]

1.c4 Nf6 2.Nc3 d5 3.d4 g6 4.Bf4 Bg7 5.e3 c5 6.dxc5 Qa5 7.Qa4+ Qxa4 8.Nxa4 Bd7
9.Nc3 dxc4 10.Bxc4 O-O 11.Nf3 Rc8 12.Ne5 Be8 13.Rd1 Nbd7 14.Bxf7+ Bxf7 15.Nxd7
Nxd7 16.Rxd7 e5 17.Bg3 Rxc5 18.O-O b5 19.Rfd1 b4 20.Ne4 Rc2 21.Rd8+ Rxd8
22.Rxd8+ Bf8 23.h4 Bxa2 24.Bxe5 {#r} 1-0

[Event "3rd UT-RGV IM Inv. 2017"]
[Site "masterchessopen.com Brownsville USA"]
[Date "2017.03.17"]
[Round "7.5"]
[White "Wang,Justin"]
[Black "Hevia,A"]
[Result "0-1"]
[WhiteElo "2177"]
[BlackElo "2492"]

1.e4 g6 2.d4 Bg7 3.Nf3 d6 4.Bc4 e6 5.O-O Nd7 6.Re1 Ne7 7.c3 O-O 8.a4 c5 9.Bf4
cxd4 10.cxd4 d5 11.exd5 Nb6 12.Bb3 Nbxd5 13.Be5 b6 14.Na3 Bb7 15.Nb5 Nf5
16.Bc2 a6 17.Bxf5 exf5 18.Nd6 Bc6 19.Bxg7 Kxg7 20.Nc4 Nb4 21.Nfe5 Bb7 22.a5
bxa5 23.Rxa5 Rb8 24.Rc5 Re8 25.Qd2 Ba8 26.Rd1 Bd5 27.Ne3 Ba8 28.N3c4 Be4 29.f3
Bd5 30.Ne3 Ba8 31.Qc3 f6 32.N5c4 f4 33.Ng4 Nd5 34.Qd2 Rb7 35.Re1 Rbe7 36.Rxe7+
Qxe7 37.h3 g5 38.Qf2 h5 39.Nh2 Qe1+ 40.Qxe1 Rxe1+ 41.Kf2 Rd1 42.Rc8 Rxd4
43.Nd6 Ne3 44.Ne8+ Kf7 45.Rxa8 Rd2+ 46.Kg1 Rxg2+ 47.Kh1 Rxb2 48.Kg1 Rb1+
49.Kf2 Rh1 50.Nd6+ Ke6 51.Rxa6 Rxh2+ 52.Kg1 Rxh3 53.Ne4+ Ke5 54.Ra5+ Ke6
55.Rxg5 Rxf3 56.Rxh5 Rf1+ 57.Kh2 f5 58.Ng5+ Kf6 59.Nh3 Rf3 60.Rh4 Ke5 61.Rh8
Ng4+ 62.Kg2 Rg3+ 63.Kf1 f3 64.Re8+ Kd6 65.Nf2 Rg2 66.Nxg4 fxg4 67.Re4 Kd5
68.Re8 Kd4 69.Re7 Ra2 70.Rg7 Ke3 71.Re7+ Kf4 72.Rf7+ Kg3 {#R} 0-1

[Event "5th Iraq Int Open 2017"]
[Site "masterchessopen.com Baghdad IRQ"]
[Date "2017.03.17"]
[Round "2.1"]
[White "Gagunashvili,M"]
[Black "Gharagyozian,A"]
[Result "1-0"]
[WhiteElo "2567"]
[BlackElo "2179"]

1.d4 d5 2.Bf4 e6 3.e3 Bd6 4.Bd3 Bxf4 5.exf4 c5 6.dxc5 Qa5+ 7.c3 Qxc5 8.Nf3 Nf6
9.Nbd2 Nc6 10.O-O Qd6 11.g3 O-O 12.Qe2 Nd7 13.Rad1 e5 14.Nc4 Qc7 15.Ncxe5 Re8
16.Rfe1 Nc5 17.Ng5 Nxd3 18.Qxd3 Nxe5 19.Qxh7+ Kf8 20.Qh8+ Ke7 21.Qxg7 {#r} 1-0

[Event "5th Iraq Int Open 2017"]
[Site "masterchessopen.com Baghdad IRQ"]
[Date "2017.03.17"]
[Round "2.2"]
[White "Namir,M"]
[Black "Malakhatko,V"]
[Result "0-1"]
[WhiteElo "2179"]
[BlackElo "2488"]

1.d4 e6 2.Nf3 c5 3.e3 Nf6 4.Bd3 b6 5.O-O Bb7 6.b3 g6 7.Bb2 Bg7 8.Nbd2 O-O 9.c4
d6 10.Qe2 Nbd7 11.Rfd1 Qc7 12.Rac1 Rfe8 13.Bb1 Rad8 14.a3 Qb8 15.b4 cxd4
16.Nxd4 a6 17.Bc2 Qa8 18.N2f3 Rc8 19.Ba4 Red8 20.Nb3 b5 21.cxb5 Nb6 22.Rxc8
Rxc8 23.bxa6 Bd5 24.e4 Bc4 25.Qe1 Nxa4 26.Bxf6 Bxf6 27.Na5 Qxa6 28.Nxc4 Rxc4
29.e5 dxe5 30.Nxe5 Rc8 31.Nd7 Bg7 32.Nc5 Nxc5 33.bxc5 Qxa3 {#R} 0-1

[Event "5th Iraq Int Open 2017"]
[Site "masterchessopen.com Baghdad IRQ"]
[Date "2017.03.17"]
[Round "2.4"]
[White "Aliyev,E"]
[Black "Khodashenas,M"]
[Result "0-1"]
[WhiteElo "2119"]
[BlackElo "2366"]

1.e4 c5 2.Nf3 Nc6 3.Nc3 Nf6 4.Bb5 g6 5.O-O Bg7 6.d3 Nd4 7.Nxd4 cxd4 8.Ne2 O-O
9.Ba4 d5 10.f3 dxe4 11.fxe4 Nd7 12.Bb3 Nc5 13.Bc4 Be6 14.Bxe6 Nxe6 15.Nf4 Nxf4
16.Bxf4 Qb6 17.Qd2 Rac8 18.Rab1 Rc6 19.Kh1 Qa6 20.a3 Rfc8 21.Rbc1 Qa4 22.Qb4
Qxb4 23.axb4 e5 24.Bg3 Rxc2 25.Rxc2 Rxc2 26.Ra1 Rxb2 27.h4 a6 28.Rc1 f6
29.Rc8+ Bf8 30.Kh2 Rxb4 31.Be1 Rb3 32.Bd2 Kf7 33.g4 Rb2 34.Rc7+ Be7 35.Rxe7+
{#R} 0-1

[Event "5th Iraq Int Open 2017"]
[Site "masterchessopen.com Baghdad IRQ"]
[Date "2017.03.17"]
[Round "2.5"]
[White "Babiy,Olga"]
[Black "Moazaz,Dhahir Habeeb"]
[Result "1-0"]
[WhiteElo "2334"]
[BlackElo "2008"]

1.e4 e5 2.Nf3 Nc6 3.Bb5 g6 4.c3 Bg7 5.d4 exd4 6.cxd4 a6 7.Ba4 b5 8.Bb3 Nge7
9.d5 Na5 10.d6 cxd6 11.Qxd6 Nb7 12.Qd1 O-O 13.Nc3 Nc5 14.O-O Bb7 15.Re1 Bxc3
16.bxc3 Nxe4 17.Bh6 d5 18.Bxf8 Qxf8 19.Ne5 Rc8 20.Rxe4 dxe4 21.Bxf7+ Qxf7
22.Nxf7 Kxf7 23.Qb3+ Nd5 24.Rc1 Rc4 25.a4 Bc6 26.axb5 axb5 27.Kf1 e3 28.fxe3
Nxe3+ 29.Ke2 Nxg2 30.Rf1+ Kg7 31.Kd2 Nf4 32.Qa3 g5 33.Qd6 Ng6 34.Qc7+ Kh6
35.Rf7 Kh5 36.Rxh7+ Kg4 37.Qc8+ Kf3 38.Qh3+ Ke4 39.Qe3+ {#r} 1-0

[Event "5th Iraq Int Open 2017"]
[Site "masterchessopen.com Baghdad IRQ"]
[Date "2017.03.17"]
[Round "3.2"]
[White "Malakhatko,V"]
[Black "Hussein,AH"]
[Result "1-0"]
[WhiteElo "2488"]
[BlackElo "2239"]

1.c4 Nf6 2.Nc3 g6 3.d4 Bg7 4.e4 d6 5.Nf3 O-O 6.Be2 e5 7.O-O Nbd7 8.Qc2 exd4
9.Nxd4 Re8 10.Bg5 h6 11.Be3 Nc5 12.f3 a5 13.Rad1 Bd7 14.Ndb5 b6 15.Rfe1 Bc6
16.Bf1 Nfd7 17.Nd5 Bxb5 18.cxb5 Nf6 19.Nc3 Qe7 20.Bc4 Rac8 21.Bxc5 dxc5 22.e5
Nh7 23.Qxg6 Nf8 24.Qf5 Ne6 25.f4 Rcd8 26.Nd5 Qf8 27.Bd3 {#r} 1-0

[Event "5th Iraq Int Open 2017"]
[Site "masterchessopen.com Baghdad IRQ"]
[Date "2017.03.17"]
[Round "3.3"]
[White "Khodashenas,M"]
[Black "Didar,Mohammed Zhaher Hassan"]
[Result "1-0"]
[WhiteElo "2366"]
[BlackElo "2225"]

1.e4 e5 2.Nf3 Nc6 3.Bb5 a6 4.Ba4 Nf6 5.Bxc6 dxc6 6.d3 Bg4 7.h3 Bxf3 8.Qxf3 Nd7
9.Nd2 g6 10.Nc4 Bg7 11.h4 h5 12.Bg5 f6 13.Bd2 Qe7 14.Qg3 Nf8 15.f4 exf4
16.Bxf4 O-O-O 17.O-O-O Ne6 18.Be3 Qe8 19.Kb1 Rf8 20.Rhe1 c5 21.Bd2 b5 22.Ne3
c6 23.Nf5 Kd7 24.Qd6+ Kc8 25.Ne7+ Kb7 26.Qxe6 Kb6 27.Ba5+ {#r} 1-0

[Event "5th Iraq Int Open 2017"]
[Site "masterchessopen.com Baghdad IRQ"]
[Date "2017.03.17"]
[Round "3.6"]
[White "Mohammed,Latif Hamid"]
[Black "Barsov,A"]
[Result "1-0"]
[WhiteElo "2061"]
[BlackElo "2441"]

1.Nf3 d5 2.g3 Bg4 3.Bg2 e6 4.c4 c6 5.O-O Nd7 6.cxd5 cxd5 7.Nc3 Ngf6 8.d4 Bd6
9.Bg5 Qb6 10.Bxf6 gxf6 11.Qd2 f5 12.Rfc1 Bxf3 13.Bxf3 h5 14.Qd3 a6 15.Bxd5
exd5 16.Nxd5 Qd8 17.Qxf5 Kf8 18.Rc3 Rh6 19.e4 Rc8 20.Rac1 Rxc3 21.Rxc3 Kg7
22.e5 Bb8 23.Nf4 Nb6 24.d5 h4 25.d6 Qd7 26.Qg5+ Kh7 27.Nh5 f5 28.Nf6+ Rxf6
29.Qxf6 Nd5 30.Qxh4+ Kg6 31.Rc5 Qe6 32.Qc4 Qxe5 33.Rxd5 Qe1+ 34.Qf1 Qe6 35.Qd1
{#r} 1-0

[Event "69th ch-MNE 2017"]
[Site "masterchessopen.com Bar MNE"]
[Date "2017.03.17"]
[Round "7.2"]
[White "Djukic,Ni"]
[Black "Sukovic,Andrej"]
[Result "1-0"]
[WhiteElo "2508"]
[BlackElo "2199"]

1.e4 Nf6 2.e5 Nd5 3.d4 d6 4.Nf3 Bg4 5.Be2 e6 6.c4 Nb6 7.exd6 cxd6 8.b3 Be7
9.Bb2 d5 10.c5 Bxf3 11.Bxf3 Nc8 12.b4 a6 13.Nd2 O-O 14.Be2 Bf6 15.Nf3 Nc6
16.Qd2 N8e7 17.O-O Ng6 18.a4 Qc7 19.Rfe1 Nh4 20.Nxh4 Bxh4 21.g3 Bf6 22.b5 Ne7
23.Bd3 Rfc8 24.Qb4 h5 25.Bc3 b6 26.c6 a5 27.Qb2 Re8 28.Bd2 Nc8 29.Bf4 Nd6
30.Be5 Bxe5 31.dxe5 Nc8 32.Qd4 g6 33.h3 Qe7 34.Kg2 Kg7 35.g4 Rh8 36.Be2 hxg4
37.hxg4 Rb8 38.Qf4 Na7 39.g5 Rbg8 40.Rac1 Nc8 41.Rh1 Rxh1 42.Rxh1 Rh8 43.Qf6+
Qxf6 44.gxf6+ Kg8 45.Rxh8+ Kxh8 46.Kf3 Kh7 47.Ke3 g5 48.Bh5 {#r} 1-0

[Event "69th ch-MNE 2017"]
[Site "masterchessopen.com Bar MNE"]
[Date "2017.03.17"]
[Round "7.3"]
[White "Ivanovic,B"]
[Black "Pecurica,M"]
[Result "1-0"]
[WhiteElo "2406"]
[BlackElo "2236"]

1.e4 e5 2.Nf3 Nc6 3.Bb5 a6 4.Ba4 Nf6 5.d3 d6 6.c3 Be7 7.Nbd2 O-O 8.O-O Re8
9.Re1 h6 10.h3 Bf8 11.d4 b5 12.Bc2 Bb7 13.d5 Nb8 14.c4 c6 15.b3 g6 16.Nf1 Nbd7
17.Ng3 Nb6 18.Bd3 Bg7 19.Rb1 Nfd7 20.Bd2 bxc4 21.bxc4 a5 22.Be3 Ba6 23.dxc6
Nc5 24.Bxc5 dxc5 25.Qb3 Rb8 26.Qa3 Nxc4 27.Rxb8 Qxb8 28.Qc3 {#r} 1-0

[Event "69th ch-MNE 2017"]
[Site "masterchessopen.com Bar MNE"]
[Date "2017.03.17"]
[Round "7.6"]
[White "Petijevic,V"]
[Black "Kosic,D"]
[Result "0-1"]
[WhiteElo "2303"]
[BlackElo "2480"]

1.e4 e6 2.d4 d5 3.Nc3 Nf6 4.e5 Nfd7 5.f4 c5 6.Nf3 Nc6 7.Be3 cxd4 8.Nxd4 Bc5
9.Qd2 O-O 10.O-O-O a6 11.Qf2 Qe7 12.Kb1 Nxd4 13.Bxd4 b5 14.Bd3 b4 15.Ne2 a5
16.Bxc5 Nxc5 17.Nd4 Bd7 18.Rhe1 f5 19.Re3 a4 20.Rh3 a3 21.b3 Rac8 22.Qd2 Ne4
23.Bxe4 fxe4 24.g4 Rf7 25.g5 g6 26.Rg3 Rcf8 27.Rg4 Qc5 28.Kc1 Rc8 29.Rg3 Qb6
30.Kb1 Be8 31.Re1 Rxf4 32.Nxe6 Rf2 33.Qxd5 Bf7 34.Qxe4 Bxe6 35.Rg2 Rxg2
36.Qxg2 Qd4 {#R} 0-1

[Event "St Louis Winter Classic A"]
[Site "masterchessopen.com Saint Louis USA"]
[Date "2017.03.18"]
[Round "8.1"]
[White "Shankland,S"]
[Black "Cordova,E"]
[Result "1-0"]
[WhiteElo "2666"]
[BlackElo "2655"]

1.e4 c5 2.Nf3 Nc6 3.d4 cxd4 4.Nxd4 Nf6 5.Nc3 d6 6.f3 e5 7.Nb3 Be7 8.Be3 Be6
9.Qe2 a5 10.O-O-O a4 11.Nc5 a3 12.b3 Qa5 13.N5a4 O-O 14.Kb1 Nd4 15.Bxd4 exd4
16.Rxd4 Bd7 17.Nd5 Nxd5 18.Rxd5 b5 19.Qe3 Bc6 20.Nc3 Bf6 21.Rd3 Rac8 22.Qd2
Qb6 23.g3 b4 24.Nd5 Bxd5 25.Rxd5 Bc3 26.Qd1 Rc6 27.Bc4 g6 28.Qd3 Qf2 29.f4 Kg7
30.Rd1 Qg2 31.Qe2 Qxe2 32.Bxe2 f5 33.Bb5 Rb6 34.exf5 Rxf5 35.Rxf5 gxf5 36.Bd7
Kf6 37.Rd5 Rb7 38.Bxf5 Re7 39.Bg4 Re1+ 40.Rd1 Rxd1+ 41.Bxd1 Bd4 42.h3 Bf2
43.g4 Be3 44.c3 Bxf4 45.cxb4 Ke5 46.b5 Kd4 47.b6 d5 48.b7 Kc5 49.Kc2 Kb6
50.Bf3 Kxb7 51.Bxd5+ Kb6 52.Kd3 Kc5 53.Ke4 Bd2 54.Bg8 h6 55.h4 Be1 56.g5 h5
57.Bf7 Bxh4 58.Kf5 Be1 59.Bxh5 Kd6 60.g6 Bc3 61.b4 {#r} 1-0

[Event "St Louis Winter Classic A"]
[Site "masterchessopen.com Saint Louis USA"]
[Date "2017.03.18"]
[Round "8.4"]
[White "Sevian,Samuel"]
[Black "Fedoseev,Vl3"]
[Result "0-1"]
[WhiteElo "2587"]
[BlackElo "2658"]

1.e4 c6 2.d4 d5 3.e5 Bf5 4.Nf3 e6 5.Be2 h6 6.O-O Nd7 7.Nbd2 g5 8.Nb3 Ne7 9.Ne1
Qc7 10.Bh5 c5 11.Nxc5 Nxc5 12.dxc5 Nc6 13.Nd3 O-O-O 14.b4 Bg7 15.Bb2 d4 16.Re1
Nxe5 17.Qe2 Rd5 18.Rad1 Rhd8 19.h3 Kb8 20.a3 Bg6 21.Bc1 Ka8 22.Bxg6 Nxg6
23.Nb2 Qc6 24.Nc4 Be5 25.Na5 Qd7 26.Qc4 Bc7 27.c6 b5 28.cxd7 bxc4 29.Nxc4
R8xd7 30.Nb2 Bd6 31.Re4 Be7 32.Nd3 Rc7 33.Re2 Kb7 34.g3 h5 35.Kg2 h4 36.g4 e5
37.Rde1 f6 38.Kf3 Rd8 39.Rd1 Nh8 40.Kg2 Rdc8 41.Ne1 Nf7 42.Rd3 Nd6 43.Bb2 Nc4
44.Bc1 Ka6 45.Rb3 Nb6 46.Rd3 Kb5 47.Kf3 Na4 48.Bd2 Nb2 49.Rb3 Nc4 50.Bc1 Nd6
51.Kg2 Ka4 52.Rd3 Nb5 53.f3 Nc3 54.Rf2 a5 55.bxa5 Bxa3 56.Bd2 Bb4 57.a6 Kb5
58.a7 Rxa7 59.Bxc3 Bxc3 60.Rd1 Bxe1 61.Rxe1 Rc4 62.Rb1+ Rb4 63.Rc1 Ra3 64.Rd2
Kc4 65.Rcd1 Ra2 66.Kf2 Rba4 67.Rb1 Kc3 68.Rd3+ Kxc2 69.Rbd1 R4a3 70.Ke2 Rxd3
71.Rxd3 Kb2 72.Kd1 Ra1+ 73.Ke2 Rc1 {#R} 0-1

[Event "St Louis Winter Classic A"]
[Site "masterchessopen.com Saint Louis USA"]
[Date "2017.03.18"]
[Round "8.5"]
[White "Ipatov,Alexander"]
[Black "Li,Ruifeng"]
[Result "1-0"]
[WhiteElo "2660"]
[BlackElo "2577"]

1.d4 d5 2.c4 c6 3.Nf3 Nf6 4.g3 Bf5 5.Nc3 e6 6.Nh4 Be4 7.f3 Bg6 8.Qb3 b6 9.cxd5
cxd5 10.e4 a6 11.Qa4+ Nbd7 12.Bxa6 Be7 13.Qb5 Nxe4 14.fxe4 Bxh4 15.O-O O-O
16.gxh4 Nb8 17.Bb7 Ra7 18.Bxd5 exd5 19.Qxd5 Rd7 20.Qg5 f6 21.Qg4 Rxd4 22.Be3
Rb4 23.h5 Bxe4 24.Qe6+ Kh8 25.Nxe4 Qe8 26.Qxe8 Rxe8 27.Nd6 Rxe3 28.Rae1 Rxe1
29.Rxe1 h6 30.Re8+ Kh7 31.Rxb8 Rxb2 32.Ra8 Rd2 33.Nf5 Rd5 34.Ng3 Rb5 35.Kf2
Rb2+ 36.Ne2 b5 37.Kf3 b4 38.Nf4 Rxh2 39.Kg3 Rh1 40.Kg2 Rh4 41.Rh8+ Kxh8
42.Ng6+ Kg8 43.Nxh4 Kf7 44.Kf3 Ke6 45.Ke4 {#r} 1-0

[Event "St Louis Winter Classic B"]
[Site "masterchessopen.com Saint Louis USA"]
[Date "2017.03.18"]
[Round "8.2"]
[White "Hess,Ro"]
[Black "Krush,I"]
[Result "1-0"]
[WhiteElo "2571"]
[BlackElo "2444"]

1.e4 c6 2.d4 d5 3.e5 Bf5 4.Nd2 e6 5.Nb3 Nd7 6.Nf3 h6 7.Be2 Ne7 8.O-O g5 9.a4
a5 10.Ne1 c5 11.dxc5 Nc6 12.Bb5 Ncxe5 13.f4 Nc6 14.Nf3 Qc7 15.Nfd4 Nxd4
16.Qxd4 Rh7 17.fxg5 hxg5 18.Rxf5 exf5 19.Bxg5 Bg7 20.Qe3+ Be5 21.h3 f4 22.Qd3
Rg7 23.Qf5 f6 24.Bxf6 Bxf6 25.Qxf6 Re7 26.Qh8+ Kf7 27.Qxa8 f3 28.Rf1 Re3
29.Bxd7 Qg3 30.Be6+ Kxe6 31.Qe8+ Kf6 32.Rxf3+ Rxf3 33.Qf8+ {#r} 1-0

[Event "St Louis Winter Classic B"]
[Site "masterchessopen.com Saint Louis USA"]
[Date "2017.03.18"]
[Round "8.4"]
[White "Finegold,B"]
[Black "Sukandar,I"]
[Result "1-0"]
[WhiteElo "2481"]
[BlackElo "2423"]

1.d4 Nf6 2.c4 e6 3.Nc3 Bb4 4.Qc2 b6 5.e4 c5 6.d5 Qe7 7.dxe6 Qxe6 8.f3 Nc6
9.Bd2 Nd4 10.Qd1 O-O 11.Nge2 Bb7 12.Nxd4 cxd4 13.Nb5 Bxe4 14.Bxb4 Bxf3+ 15.Be2
Bxg2 16.Rg1 Rfe8 17.Rxg2 Qxc4 18.Qxd4 Qxb5 19.Bc3 Qc6 20.Qg1 g6 21.O-O-O Ne4
22.Bf3 d5 23.Bxe4 Rxe4 24.Rgd2 b5 25.Kb1 b4 26.Bd4 a5 27.Rc2 Qe6 28.Qg5 a4
29.Qh6 Rxd4 30.Rxd4 b3 31.Rc1 a3 32.axb3 Qf5+ 33.Ka2 axb2+ 34.Kxb2 g5 35.Rcd1
Re8 36.Rxd5 Re2+ 37.Ka3 {#r} 1-0

[Event "Brazil Open 2017"]
[Site "masterchessopen.com Joao Pessoa BRA"]
[Date "2017.03.18"]
[Round "3.1"]
[White "El Debs,F"]
[Black "Lemos,Dawton Almino"]
[Result "1-0"]
[WhiteElo "2531"]
[BlackElo "2169"]

1.e4 e6 2.d4 d5 3.Nd2 Nf6 4.e5 Nfd7 5.c3 c5 6.Bd3 Nc6 7.Ne2 cxd4 8.cxd4 f6
9.exf6 Nxf6 10.Nf3 Bd6 11.O-O O-O 12.Bf4 Nh5 13.Bxd6 Qxd6 14.Qd2 Bd7 15.Qe3 a6
16.Ne5 Nf6 17.a3 Rae8 18.Rac1 Bc8 19.Bxa6 Nxe5 20.dxe5 Qxa6 21.exf6 Rxf6 22.f4
Bd7 23.Nd4 Bb5 24.Rfd1 Ba4 25.Re1 Qd6 26.g3 Bd7 27.Rc3 Rc8 28.Rxc8+ Bxc8
29.Rc1 Bd7 30.Qe5 Qb6 31.b4 Rf8 32.Kg2 Rc8 33.Rxc8+ Bxc8 34.Nf5 {#r} 1-0

[Event "Brazil Open 2017"]
[Site "masterchessopen.com Joao Pessoa BRA"]
[Date "2017.03.18"]
[Round "3.2"]
[White "Carvalho,H"]
[Black "Santiago,Y"]
[Result "0-1"]
[WhiteElo "2163"]
[BlackElo "2447"]

1.e4 e6 2.d4 d5 3.Nd2 Be7 4.Bd3 c5 5.dxc5 Nf6 6.Qe2 O-O 7.Ngf3 a5 8.O-O Na6
9.exd5 exd5 10.c6 bxc6 11.Nd4 Nb8 12.Nf5 Bxf5 13.Bxf5 Re8 14.c3 Nbd7 15.Nf3
Bc5 16.Qc2 g6 17.Bd3 Qc7 18.g3 Qb6 19.h3 Bd6 20.Kg2 c5 21.c4 Qc6 22.Kg1 d4
23.Nh2 Ne5 24.Bg5 Nxd3 25.Qxd3 Ne4 26.Bh6 Bc7 27.Nf3 Re6 28.Ng5 Nxg5 29.Bxg5
Rae8 30.Bd2 Re2 31.Rfe1 Rxe1+ 32.Rxe1 Rxe1+ 33.Bxe1 Qe6 34.Bd2 Qxh3 35.Qf3 Qh5
36.Qxh5 gxh5 37.Kg2 Kg7 38.Kf3 Kf6 39.Ke4 Ke6 40.Bh6 f5+ 41.Kd3 f4 42.gxf4 h4
43.Ke4 h3 44.f5+ Kf6 45.Kf3 Kxf5 46.Bf8 h2 47.Kg2 d3 {#R} 0-1

[Event "Brazil Open 2017"]
[Site "masterchessopen.com Joao Pessoa BRA"]
[Date "2017.03.18"]
[Round "3.3"]
[White "Coelho,L"]
[Black "Silva,Ev"]
[Result "1-0"]
[WhiteElo "2390"]
[BlackElo "2155"]

1.d4 f5 2.g3 Nf6 3.Bg2 g6 4.Nf3 Bg7 5.O-O O-O 6.b3 d6 7.Bb2 c6 8.Nbd2 Na6 9.c4
Nc7 10.Qc2 Bd7 11.e4 fxe4 12.Nxe4 Nxe4 13.Qxe4 Bf5 14.Qe3 Qd7 15.Rfe1 Rae8
16.Nh4 Bh3 17.Rad1 Bf6 18.Nf3 Bg4 19.Rd3 Bf5 20.Rd2 Rf7 21.d5 cxd5 22.Ng5 Bxg5
23.Qxg5 e5 24.cxd5 Ref8 25.Qe3 b6 26.f4 Re8 27.fxe5 dxe5 28.d6 Ne6 29.Qc3 Qd8
30.Rxe5 Rf6 31.d7 Ref8 32.Rxe6 Bxe6 33.Qxf6 Qxf6 34.Bxf6 {#r} 1-0

[Event "Brazil Open 2017"]
[Site "masterchessopen.com Joao Pessoa BRA"]
[Date "2017.03.18"]
[Round "3.5"]
[White "Barbosa,Paulo Eduardo E Silva"]
[Black "Souza,R"]
[Result "1-0"]
[WhiteElo "2274"]
[BlackElo "2148"]

1.d4 Nf6 2.c4 g6 3.Nc3 Bg7 4.e4 d6 5.Be2 c5 6.d5 O-O 7.Nf3 e6 8.O-O exd5
9.cxd5 Re8 10.Qc2 Nbd7 11.h3 b6 12.Bf4 Ne5 13.Nxe5 dxe5 14.Bg5 a6 15.a4 h6
16.Be3 Qe7 17.Rfd1 Rd8 18.Qb3 Rb8 19.Rd2 Qc7 20.Rad1 Ne8 21.d6 Nxd6 22.Nd5 Qa7
23.a5 b5 24.Qc2 Be6 25.Bxc5 Qb7 26.Bxd6 Rxd6 27.Ne7+ Qxe7 28.Rxd6 Rc8 29.Rc6
Ra8 30.Rdd6 Qb7 31.Rb6 Rc8 32.Rd8+ Kh7 33.Rxc8 Qxc8 34.Qxc8 Bxc8 35.Rb8 Bd7
36.Bd3 f5 37.Ra8 Bc6 38.Rxa6 fxe4 39.Be2 {#r} 1-0

[Event "Brazil Open 2017"]
[Site "masterchessopen.com Joao Pessoa BRA"]
[Date "2017.03.18"]
[Round "3.6"]
[White "Ribeiro,Matheus Cavalcante"]
[Black "Pereira,Si"]
[Result "0-1"]
[WhiteElo "2142"]
[BlackElo "2258"]

1.e4 e5 2.Nf3 Nc6 3.Bc4 Bc5 4.c3 Bb6 5.d4 Qe7 6.Bg5 Nf6 7.d5 Nd8 8.d6 cxd6
9.Na3 a6 10.Nc2 d5 11.Bxd5 d6 12.Qd2 h6 13.Be3 Bc7 14.h3 Nxd5 15.exd5 f5
16.O-O-O O-O 17.Rhe1 Qf6 18.g3 b5 19.Nxe5 dxe5 20.d6 Qxd6 21.Qxd6 Bxd6 22.Rxd6
Nf7 23.Rb6 Rd8 24.Nb4 Rd6 25.Nd5 Rxb6 26.Bxb6 e4 27.Bd4 Ng5 28.Rd1 Kf7 29.Nc7
Rb8 30.Be5 Rb6 31.Rd8 Be6 32.h4 Nf3 33.Bd6 Ne1 34.Rf8+ Kg6 35.h5+ Kxh5 36.Nxe6
Nd3+ 37.Kc2 Rxd6 38.Nxg7+ Kg6 39.Nxf5 Rd7 40.Nd4 b4 41.Ne2 bxc3 42.Nxc3 Ne1+
43.Kc1 Nd3+ 44.Kb1 Re7 45.Nd5 Rf7 46.Ra8 Rxf2 47.Rxa6+ Kg5 48.Rb6 Rf5 49.Nc3
e3 50.Kc2 Nc5 51.Rb5 Kg4 52.a4 Rf2+ 53.Kb1 Nd3 54.Rd5 Rf1+ 55.Ka2 Nb4+ {#R}
0-1

[Event "Brazil Open 2017"]
[Site "masterchessopen.com Joao Pessoa BRA"]
[Date "2017.03.18"]
[Round "3.8"]
[White "Soares,Alberto Manoel Colares D"]
[Black "Zallio,L"]
[Result "0-1"]
[WhiteElo "2119"]
[BlackElo "2240"]

1.c4 e5 2.g3 f5 3.Bg2 Nc6 4.Nc3 Nf6 5.d3 Be7 6.e3 O-O 7.Nge2 d6 8.O-O Qe8
9.Nd5 Bd8 10.Nec3 Ne7 11.f4 c6 12.Nxf6+ Rxf6 13.b4 Be6 14.c5 Bc7 15.fxe5 dxe5
16.e4 Qd7 17.Ne2 h6 18.Bb2 Rff8 19.Qc2 f4 20.Kh1 Ng6 21.Ng1 h5 22.Nf3 Bg4
23.a3 Rad8 24.Rad1 fxg3 25.hxg3 h4 26.gxh4 Bxf3 27.Bxf3 Qh3+ 28.Qh2 Rxf3
29.Rg1 Nf4 {#R} 0-1

[Event "Brazil Open 2017"]
[Site "masterchessopen.com Joao Pessoa BRA"]
[Date "2017.03.18"]
[Round "3.9"]
[White "Cavalcanti,F"]
[Black "Okamura,M"]
[Result "1-0"]
[WhiteElo "2226"]
[BlackElo "2073"]

1.e4 e5 2.Nf3 Nc6 3.Bb5 a6 4.Ba4 Nf6 5.d3 d6 6.c3 Be7 7.O-O O-O 8.Re1 h6
9.Nbd2 Re8 10.Nf1 Bf8 11.Ng3 b5 12.Bb3 d5 13.exd5 Nxd5 14.d4 Na5 15.Rxe5 Nxb3
16.Qxb3 Be6 17.Qc2 Bd6 18.Re1 Qf6 19.a4 Bg4 20.Ne5 Bxe5 21.dxe5 Rxe5 22.Rxe5
Qxe5 23.h3 Qe1+ 24.Kh2 Bd7 25.axb5 Bxb5 26.c4 Nb4 27.Qc3 Qxf2 28.cxb5 {#r} 1-0

[Event "Brazil Open 2017"]
[Site "masterchessopen.com Joao Pessoa BRA"]
[Date "2017.03.18"]
[Round "3.11"]
[White "Andrade,Rob"]
[Black "Asfora,M"]
[Result "0-1"]
[WhiteElo "2101"]
[BlackElo "2193"]

1.e4 e5 2.Nf3 Nc6 3.Nc3 Nf6 4.d4 exd4 5.Nd5 Nxd5 6.exd5 Nb4 7.Nxd4 Nxd5 8.Nf5
Ne7 9.Bg5 f6 10.Bxf6 gxf6 11.Qh5+ Ng6 12.O-O-O c6 13.Bc4 d5 14.Rhe1+ Kf7
15.Nh4 Kg7 16.Bd3 Nxh4 17.Qxh4 Bd6 18.f4 Qc7 19.g3 Qf7 20.f5 Re8 21.g4 Bf4+
22.Kb1 Bd7 23.Qf2 Be5 24.h4 Kh8 25.g5 b6 26.g6 Qf8 27.Qd2 Re7 28.h5 h6 29.g7+
Rxg7 30.Qxh6+ Rh7 31.Qd2 Qc5 32.c3 Rg8 33.Bc2 a5 34.Rxe5 fxe5 35.f6 e4 36.Qf4
Qf8 37.Qe5 Qf7 38.Bxe4 Rxh5 39.Qe7 Qxe7 40.fxe7 {#R} 0-1

[Event "Brazil Open 2017"]
[Site "masterchessopen.com Joao Pessoa BRA"]
[Date "2017.03.18"]
[Round "4.1"]
[White "Pereira,Si"]
[Black "El Debs,F"]
[Result "0-1"]
[WhiteElo "2258"]
[BlackElo "2531"]

1.e4 c5 2.Nf3 Nc6 3.d4 cxd4 4.Nxd4 Nf6 5.Nc3 d6 6.g3 g6 7.Bg2 Bg7 8.Nxc6 bxc6
9.e5 dxe5 10.Qxd8+ Kxd8 11.Bxc6 Rb8 12.Be3 Kc7 13.Ba4 a6 14.O-O-O Bg4 15.Nd5+
Kb7 16.Nxe7 Bxd1 17.Rxd1 Rbd8 18.Rxd8 Rxd8 19.Nc6 Rd6 20.Nxe5 Nd5 21.Nc4 Re6
22.Bc5 Kc7 23.Kd2 g5 24.f3 Rh6 25.Bg1 Rf6 26.Ke2 Re6+ 27.Kd2 Rf6 28.Bd4 Rg6
29.Bc5 Rh6 30.Kd3 Rxh2 31.Bd6+ Kd8 32.Bc6 Nc7 33.b4 Rh1 34.a4 Rd1+ 35.Nd2 Ne6
36.c3 Bxc3 37.Kxc3 Rc1+ 38.Kd3 Rxc6 39.Nc4 Kd7 40.Bb8 f6 41.Ba7 Nc7 42.Bd4 h5
43.Bf2 Re6 44.Nd2 Rd6+ 45.Ke2 Rc6 46.Kd3 Rc1 47.Nb3 Rf1 48.Ke2 Rb1 49.Nc5+ Ke7
50.Be1 f5 51.Bd2 Kd6 52.Nd3 Ne6 53.Be3 h4 54.gxh4 gxh4 55.b5 axb5 56.axb5 h3
57.Bf2 f4 58.Be1 h2 59.Nf2 Nd4+ {#R} 0-1

[Event "Brazil Open 2017"]
[Site "masterchessopen.com Joao Pessoa BRA"]
[Date "2017.03.18"]
[Round "4.2"]
[White "Santiago,Y"]
[Black "Cavalcanti,F"]
[Result "1-0"]
[WhiteElo "2447"]
[BlackElo "2226"]

1.d4 Nf6 2.c4 g6 3.Nc3 Bg7 4.e4 d6 5.h3 O-O 6.Bg5 c5 7.d5 e6 8.Bd3 exd5 9.cxd5
a6 10.a4 Nbd7 11.Nge2 Re8 12.O-O Qc7 13.Ng3 Rb8 14.a5 c4 15.Bc2 b5 16.axb6
Rxb6 17.Rb1 Nc5 18.f4 Nfd7 19.e5 dxe5 20.f5 e4 21.Ncxe4 Rxb2 22.fxg6 hxg6
23.Rxb2 Bxb2 24.Qf3 f6 25.Bxf6 Rf8 26.Nh5 Nxe4 27.Qxe4 Qb6+ 28.Kh1 Rxf6
29.Nxf6+ Nxf6 30.Qxg6+ Kf8 31.Qh6+ Kf7 32.Qh7+ Kf8 33.Qh8+ Ke7 34.Re1+ Kd6
35.Qxc8 {#r} 1-0

[Event "Brazil Open 2017"]
[Site "masterchessopen.com Joao Pessoa BRA"]
[Date "2017.03.18"]
[Round "4.3"]
[White "Zallio,L"]
[Black "Coelho,L"]
[Result "0-1"]
[WhiteElo "2240"]
[BlackElo "2390"]

1.d4 Nf6 2.Nf3 g6 3.b3 Bg7 4.Bb2 O-O 5.Nbd2 d6 6.e3 Nbd7 7.Be2 Re8 8.O-O e5
9.c4 e4 10.Nh4 Nf8 11.g3 Bh3 12.Re1 g5 13.Ng2 Qd7 14.Nf1 Ng6 15.Rb1 Bg4 16.f3
exf3 17.Bxf3 Re7 18.Bxg4 Nxg4 19.Qf3 c6 20.Re2 f5 21.Nd2 Rae8 22.h3 Nh6 23.Qh5
f4 24.gxf4 gxf4 25.e4 Nf5 26.exf5 Rxe2 27.Nf3 Nf8 28.Nxf4 R2e4 29.Qg4 h5
30.Qg3 Qxf5 31.d5 R8e7 32.Ne6 R4xe6 33.dxe6 Qxb1+ {#R} 0-1

[Event "Brazil Open 2017"]
[Site "masterchessopen.com Joao Pessoa BRA"]
[Date "2017.03.18"]
[Round "4.5"]
[White "Macedo,MIa"]
[Black "Macedo,MV"]
[Result "1-0"]
[WhiteElo "2357"]
[BlackElo "2004"]

1.d4 f5 2.Bf4 Nf6 3.e3 g6 4.h4 Nh5 5.Be5 Rg8 6.Nc3 d6 7.Bh2 e6 8.Nf3 Be7 9.Be2
Nf6 10.Bf4 Nbd7 11.Qd3 Nd5 12.Nxd5 exd5 13.Bg5 Nb6 14.O-O-O Be6 15.Qa3 Bf6
16.Bxf6 Qxf6 17.Ng5 Rg7 18.g3 Bc8 {#r} 1-0